Principles of surveying Volume 2: Photogrammetry, adjustment and field astronomy. (Record no. 86545)

MARC details
000 -LEADER
fixed length control field 00530cam a2200205 4500
001 - CONTROL NUMBER
control field D7646
008 - FIXED-LENGTH DATA ELEMENTS--GENERAL INFORMATION
fixed length control field 090401t1978 xxu||||| |||| 00| 0 eng d
035 ## - SYSTEM CONTROL NUMBER
System control number (Sirsi) u8678
041 ## - LANGUAGE CODE
Language code of text/sound track or separate title eng
050 ## - LIBRARY OF CONGRESS CALL NUMBER
Classification number 526.9
100 ## - MAIN ENTRY--PERSONAL NAME
Personal name Olliver, J. G.
245 ## - TITLE STATEMENT
Title Principles of surveying Volume 2: Photogrammetry, adjustment and field astronomy.
250 ## - EDITION STATEMENT
Edition statement 4th
260 ## - PUBLICATION, DISTRIBUTION, ETC.
Place of publication, distribution, etc. Wokingham
Name of publisher, distributor, etc. Van Nostrand Rheinhold
Date of publication, distribution, etc. 1978
300 ## - PHYSICAL DESCRIPTION
Extent ix. 205p. 24cm
350 ## - PRICE (NR) (BK AM CF MU VM SE) [OBSOLETE]
Price 10
700 ## - ADDED ENTRY--PERSONAL NAME
Personal name Clendinning, J.
942 ## - ADDED ENTRY ELEMENTS (KOHA)
Suppress in OPAC 0
948 ## - LOCAL PROCESSING INFORMATION (OCLC); SERIES PART DESIGNATOR (RLIN)
c (OCLC) 04/03/1997
Holdings
Withdrawn status Lost status Source of classification or shelving scheme Damaged status Not for loan Home library Current library Shelving location Date acquired Cost, normal purchase price Total Checkouts Full call number Barcode Date last seen Copy number Cost, replacement price Price effective from Koha item type
    Dewey Decimal Classification     London London Basement 14/09/1999 10.00   SHELF 132 30016842 06/08/2019 1 10.00 06/08/2019 Book